UM Logo

Teachers' competence in teaching biology subject and the students' academic performance/ (Record no. 2300)

MARC details
000 -LEADER
fixed length control field 00623nam a22001577a 4500
008 - FIXED-LENGTH DATA ELEMENTS--GENERAL INFORMATION
fixed length control field 160504b xxu||||| |||| 00| 0 eng d
082 ## - DEWEY DECIMAL CLASSIFICATION NUMBER
Edition number 2012
Classification number UT 0402
Item number L52
100 ## - MAIN ENTRY--PERSONAL NAME
9 (RLIN) 7536
Personal name Legondo, Khevin Brian P.
245 ## - TITLE STATEMENT
Title Teachers' competence in teaching biology subject and the students' academic performance/
Statement of responsibility, etc. Khevin Brian P. Legondo, Ruvelyn D. Talara and Gladys V. Tirado.
260 ## - PUBLICATION, DISTRIBUTION, ETC. (IMPRINT)
Place of publication, distribution, etc. Digos City:
Name of publisher, distributor, etc. UMDC
Date of publication, distribution, etc. December 2012.
300 ## - PHYSICAL DESCRIPTION
Extent 50 pages;
Dimensions 29 cm.
650 #0 - SUBJECT ADDED ENTRY--TOPICAL TERM
9 (RLIN) 7533
Topical term or geographic name as entry element Education
Form subdivision Biological Science
General subdivision Undergraduate thesis.
700 ## - ADDED ENTRY--PERSONAL NAME
9 (RLIN) 7530
Personal name Talara, Ruvelyn D.
700 ## - ADDED ENTRY--PERSONAL NAME
9 (RLIN) 7531
Personal name Tirado, Gladys V.
942 ## - ADDED ENTRY ELEMENTS (KOHA)
Source of classification or shelving scheme Dewey Decimal Classification
Koha item type Undergraduate Thesis
Holdings
Withdrawn status Lost status Source of classification or shelving scheme Damaged status Not for loan Collection code Home library Current library Date acquired Total Checkouts Full call number Barcode Date last seen Price effective from Koha item type
    Dewey Decimal Classification     Undergraduate Theses UM Digos College - LIC UM Digos College - LIC 05/04/2016   UT 0402 L52 2012 UT0402 05/04/2016 05/04/2016 Undergraduate Thesis